A textbook of light for B. Sc. students. (Record no. 544390)
[ view plain ]
| 000 -LEADER | |
|---|---|
| fixed length control field | 00548nam a22001811 4500 |
| 082 ## - DEWEY DECIMAL CLASSIFICATION NUMBER | |
| Classification number | 535 |
| Author Mark | VAS |
| -- | L-6, P-4 |
| 100 1# - MAIN ENTRY--PERSONAL NAME | |
| Personal name | Vasudeva, D. N. |
| 9 (RLIN) | 40011 |
| 245 12 - TITLE STATEMENT | |
| Title | A textbook of light for B. Sc. students. |
| 250 ## - EDITION STATEMENT | |
| Edition statement | New 5th ed., greatly improved & enl. |
| 260 ## - PUBLICATION, DISTRIBUTION, ETC. | |
| Place of publication, distribution, etc. | Delhi, |
| Name of publisher, distributor, etc. | Atma Ram, |
| Date of publication, distribution, etc. | 1962. |
| 300 ## - PHYSICAL DESCRIPTION | |
| Extent | 580 p. |
| Other physical details | illus. |
| Dimensions | 23 cm. |
| 526 ## - STUDY PROGRAM INFORMATION NOTE | |
| Program name | 0 |
| Interest level | 0 |
| Reading level | 0 |
| Title point value | 535_000000000000000_VAS |
| 526 ## - STUDY PROGRAM INFORMATION NOTE | |
| Program name | 0 |
| Interest level | 0 |
| Reading level | 0 |
| Title point value | 535_000000000000000_VAS |
| 526 ## - STUDY PROGRAM INFORMATION NOTE | |
| Program name | 0 |
| Interest level | 0 |
| Reading level | 0 |
| Title point value | 535_000000000000000_VAS |
| 650 #0 - SUBJECT ADDED ENTRY--TOPICAL TERM | |
| Topical term or geographic name entry element | MCE |
| 9 (RLIN) | 379 |
| 650 #0 - SUBJECT ADDED ENTRY--TOPICAL TERM | |
| Topical term or geographic name entry element | Optics. |
| 9 (RLIN) | 40012 |
| 942 ## - ADDED ENTRY ELEMENTS (KOHA) | |
| Source of classification or shelving scheme | |
| Koha item type | Book |
| Withdrawn status | Lost status | Source of classification or shelving scheme | Damaged status | Not for loan | Permanent Location | Current Location | Date acquired | Total Checkouts | Full call number | Barcode | Date last seen | Price effective from | Koha item type |
|---|---|---|---|---|---|---|---|---|---|---|---|---|---|
| Military College of Engineering (MCE) | Military College of Engineering (MCE) | 04/17/2014 | 535 VAS | MCE-3313 | 04/17/2014 | 04/17/2014 | Book | ||||||
| Military College of Engineering (MCE) | Military College of Engineering (MCE) | 04/21/2014 | 535 VAS | MCE-1659 | 02/09/2017 | 04/21/2014 | Book | ||||||
| Military College of Engineering (MCE) | Military College of Engineering (MCE) | 04/21/2014 | 535 VAS | MCE-33196 | 04/21/2014 | 04/21/2014 | Book |
